000 00537nam a2200193Ia 4500
005 20250326141057.0
008 250326s9999 xx 000 0 und d
020 _a81-7209-050-5
037 _aTextbook
040 _aFMSL
_beng
_cFMSL
041 _aeng
_2eng
084 _ak44`P01 N9
_qFMSL
100 _aMyer H
_9743648
245 0 _aReference encyclopedia India, 2001
_cMyer H
260 _aBangalore
_bBangalore, Indmark Publishing
_c1999
300 _aV..
942 _cTB
_hk44`P01 N9
999 _c1288597
_d1288597